Statistics for All 1025 Pokémon (Gen 9) with sprites

Click here to take the quiz!

General Stats

  • This quiz has been taken 447 times
    (106 since last reset)
  • The average score is 534 of 1025

Answer Stats

_ID___Pokémon_____Forms__________Typings__________Shadow______Sprites___% Correct
1Bulbasaur
95%
2Ivysaur
90%
6CharizardMega-X
Mega-Y
Gigantamax

89%
4Charmander
89%
5Charmeleon
87%
7Squirtle
85%
3VenusaurMega
Gigantamax
85%
9BlastoiseMega
Gigantamax
82%
10Caterpie
80%
8Wartortle
80%
11Metapod
79%
59ArcanineHisuian
77%
12ButterfreeGigantamax
77%
50DiglettAlolan
77%
56Mankey
77%
13Weedle
77%
63Abra
75%
65AlakazamMega
75%
24Arbok
75%
15BeedrillMega
75%
69Bellsprout
75%
113Chansey
75%
36Clefable
75%
173Cleffa
75%
87Dewgong
75%
85Dodrio
75%
84Doduo
75%
96Drowzee
75%
51DugtrioAlolan
75%
23Ekans
75%
22Fearow
75%
92Gastly
75%
55Golduck
75%
58GrowlitheHisuian
75%
107Hitmonchan
75%
106Hitmonlee
75%
64Kadabra
75%
14Kakuna
75%
108Lickitung
75%
68MachampGigantamax
75%
67Machoke
75%
105MarowakAlolan
Alolan-Totem

75%
52MeowthAlolan
Galarian
Gigantamax


75%
89MukAlolan
75%
34Nidoking
75%
31Nidoqueen
75%
29Nidoran ♀
75%
32Nidoran ♂
75%
30Nidorina
75%
33Nidorino
75%
38NinetalesAlolan
75%
43Oddish
75%
95Onix
75%
46Paras
75%
16Pidgey
75%
25PikachuOriginal
Hoenn
Sinnoh
Unova
Kalos
Partner
Starter
Rock-Star
Belle
Pop-Star
PhD
Libre
Cosplay
Gigantamax
75%
57Primeape
75%
54Psyduck
75%
26RaichuAlolan
75%
20RaticateAlolan
Alolan-Totem

75%
19RattataAlolan
75%
27SandshrewAlolan
75%
28SandslashAlolan
75%
86Seel
75%
21Spearow
75%
48Venonat
75%
100VoltorbHisuian
75%
37VulpixAlolan
75%
70Weepinbell
75%
110WeezingGalarian
75%
41Zubat
75%
144ArticunoGalarian
74%
35Clefairy
74%
104Cubone
74%
133EeveeStarter
Gigantamax
74%
101ElectrodeHisuian
74%
136Flareon
74%
94GengarMega
Gigantamax
74%
74GeodudeAlolan
74%
44Gloom
74%
42Golbat
74%
76GolemAlolan
74%
88GrimerAlolan
74%
93Haunter
74%
116Horsea
74%
97Hypno
74%
39Jigglypuff
74%
135Jolteon
74%
109Koffing
74%
131LaprasGigantamax
74%
66Machop
74%
129Magikarp
74%
126Magmar
74%
81Magnemite
74%
82Magneton
74%
151Mew
74%
150MewtwoMega-X
Mega-Y

74%
146MoltresGalarian
74%
47Parasect
74%
53PersianAlolan
74%
18PidgeotMega
74%
17Pidgeotto
74%
60Poliwag
74%
61Poliwhirl
74%
62Poliwrath
74%
77PonytaGalarian
74%
78RapidashGalarian
74%
112Rhydon
74%
111Rhyhorn
74%
117Seadra
74%
80SlowbroMega
Galarian

74%
208SteelixMega
74%
114Tangela
74%
134Vaporeon
74%
49Venomoth
74%
71Victreebel
74%
45Vileplume
74%
40Wigglytuff
74%
145ZapdosGalarian
74%
152Chikorita
72%
91Cloyster
72%
149Dragonite
72%
147Dratini
72%
125Electabuzz
72%
196Espeon
72%
118Goldeen
72%
75GravelerAlolan
72%
130GyaradosMega
72%
174Igglybuff
72%
124Jynx
72%
140Kabuto
72%
115KangaskhanMega
72%
99KinglerGigantamax
72%
98Krabby
72%
172PichuSpiky-eared
72%
127PinsirMega
72%
137Porygon
72%
119Seaking
72%
90Shellder
72%
199SlowkingGalarian
72%
79SlowpokeGalarian
72%
143SnorlaxGigantamax
72%
121Starmie
72%
128TaurosPaldean
Paldean-Fire
Paldean-Water



72%
73Tentacruel
72%
197Umbreon
72%
153Bayleef
70%
169Crobat
70%
132Ditto
70%
148Dragonair
70%
83Farfetch'dGalarian
70%
237Hitmontop
70%
250Ho-Oh
70%
141Kabutops
70%
230Kingdra
70%
240Magby
70%
122Mr. MimeGalarian
70%
138Omanyte
70%
139Omastar
70%
123Scyther
70%
215SneaselHisuian
70%
120Staryu
70%
72Tentacool
70%
201UnownA
B
C
D
E
F
G
H
I
J
K
L
M
N
O
P
Q
R
S
T
U
V
W
X
Y
Z
Exclamation
Question
70%
194WooperPaldean
70%
142AerodactylMega
69%
184Azumarill
69%
182Bellossom
69%
242Blissey
69%
225Delibird
69%
206Dunsparce
69%
239Elekid
69%
244Entei
69%
102Exeggcute
69%
103ExeggutorAlolan
69%
162Furret
69%
282GardevoirMega
69%
163Hoothoot
69%
189Jumpluff
69%
249Lugia
69%
183Marill
69%
258Mudkip
69%
177Natu
69%
164Noctowl
69%
233Porygon2
69%
156Quilava
69%
280Ralts
69%
223Remoraid
69%
212ScizorMega
69%
227Skarmory
69%
238Smoochum
69%
175Togepi
69%
158Totodile
69%
157TyphlosionHisuian
69%
278Wingull
69%
265Wurmple
69%
178Xatu
69%
193Yanma
69%
168Ariados
67%
268Cascoon
67%
251Celebi
67%
155Cyndaquil
67%
160Feraligatr
67%
214HeracrossMega
67%
187Hoppip
67%
229HoundoomMega
67%
281Kirlia
67%
165Ledyba
67%
270Lotad
67%
179Mareep
67%
154Meganium
67%
241Miltank
67%
200Misdreavus
67%
274Nuzleaf
67%
224Octillery
67%
311Plusle
67%
195Quagsire
67%
384RayquazaMega
67%
464Rhyperior
67%
273Seedot
67%
161Sentret
67%
289Slaking
67%
209Snubbull
67%
234Stantler
67%
245Suicune
67%
192Sunflora
67%
260SwampertMega
67%
216Teddiursa
67%
176Togetic
67%
255Torchic
67%
248TyranitarMega
67%
263ZigzagoonGalarian
67%
359AbsolMega
66%
190Aipom
66%
334AltariaMega
66%
181AmpharosMega
66%
267Beautifly
66%
257BlazikenMega
66%
170Chinchou
66%
256Combusken
66%
222CorsolaGalarian
66%
159Croconaw
66%
491Darkrai
66%
386DeoxysNormal
Attack
Defense
Speed
66%
269Dustox
66%
309Electrike
66%
349Feebas
66%
180Flaaffy
66%
475GalladeMega
66%
203Girafarig
66%
471Glaceon
66%
210Granbull
66%
228Houndour
66%
382KyogrePrimal
66%
246Larvitar
66%
380LatiasMega
66%
381LatiosMega
66%
470Leafeon
66%
166Ledian
66%
264LinooneGalarian
66%
271Lombre
66%
272Ludicolo
66%
219Magcargo
66%
467Magmortar
66%
462Magnezone
66%
226Mantine
66%
259Marshtomp
66%
350Milotic
66%
312Minun
66%
198Murkrow
66%
291Ninjask
66%
279Pelipper
66%
221Piloswine
66%
204Pineco
66%
261Poochyena
66%
474Porygon-Z
66%
247Pupitar
66%
243Raikou
66%
378Regice
66%
377Regirock
66%
379Registeel
66%
315Roselia
66%
254SceptileMega
66%
336Seviper
66%
292Shedinja
66%
275Shiftry
66%
213Shuckle
66%
266Silcoon
66%
287Slakoth
66%
218Slugma
66%
185Sudowoodo
66%
333Swablu
66%
220Swinub
66%
252Treecko
66%
236Tyrogue
66%
217Ursaring
66%
335Zangoose
66%
306AggronMega
64%
493ArceusNormal
Fighting
Flying
Poison
Ground
Rock
Bug
Ghost
Steel
Fire
Water
Grass
Electric
Psychic
Ice
Dragon
Dark
Fairy

















64%
304Aron
64%
298Azurill
64%
371Bagon
64%
399Bidoof
64%
286Breloom
64%
331Cacnea
64%
332Cacturne
64%
351CastformSunny
Rainy
Snowy
64%
358Chimecho
64%
415Combee
64%
341Corphish
64%
483DialgaOrigin
64%
356Dusclops
64%
295Exploud
64%
330Flygon
64%
205Forretress
64%
207Gligar
64%
383GroudonPrimal
64%
253Grovyle
64%
430Honchkrow
64%
392Infernape
64%
385Jirachi
64%
171Lanturn
64%
448LucarioMega
64%
337Lunatone
64%
490Manaphy
64%
308MedichamMega
64%
376MetagrossMega
64%
446Munchlax
64%
299Nosepass
64%
322Numel
64%
417Pachirisu
64%
484PalkiaOrigin
64%
393Piplup
64%
186Politoed
64%
211QwilfishHisuian
64%
479RotomHeat
Wash
Frost
Fan
Mow





64%
492ShayminLand
Sky
64%
300Skitty
64%
235Smeargle
64%
338Solrock
64%
363Spheal
64%
398Staraptor
64%
396Starly
64%
276Taillow
64%
328Trapinch
64%
321Wailord
64%
202Wobbuffet
64%
469Yanmega
64%
424Ambipom
62%
343Baltoy
62%
374Beldum
62%
406Budew
62%
427Buneary
62%
323CameruptMega
62%
390Chimchar
62%
344Claydol
62%
301Delcatty
62%
477Dusknoir
62%
466Electivire
62%
445GarchompMega
62%
487GiratinaAltered
Origin
62%
316Gulpin
62%
440Happiny
62%
297Hariyama
62%
314Illumise
62%
305Lairon
62%
463Lickilicky
62%
428LopunnyMega
62%
294Loudred
62%
370Luvdisc
62%
405Luxray
62%
458Mantyke
62%
375Metang
62%
262Mightyena
62%
439Mime Jr.
62%
429Mismagius
62%
290Nincada
62%
231Phanpy
62%
486Regigigas
62%
447Riolu
62%
302SableyeMega
62%
373SalamenceMega
62%
403Shinx
62%
285Shroomish
62%
188Skiploom
62%
167Spinarak
62%
327Spinda
62%
397Staravia
62%
191Sunkern
62%
283Surskit
62%
317Swalot
62%
465Tangrowth
62%
468Togekiss
62%
324Torkoal
62%
357Tropius
62%
494Victini
62%
288Vigoroth
62%
313Volbeat
62%
320Wailmer
62%
293Whismur
62%
460AbomasnowMega
61%
348Armaldo
61%
400Bibarel
61%
437Bronzong
61%
436Bronzor
61%
418Buizel
61%
441Chatot
61%
420Cherubi
61%
433Chingling
61%
425Drifloon
61%
355Duskull
61%
395Empoleon
61%
419Floatzel
61%
444Gabite
61%
472Gliscor
61%
326Grumpig
61%
401Kricketot
61%
402Kricketune
61%
345Lileep
61%
473Mamoswine
61%
284Masquerain
61%
303MawileMega
61%
307Meditite
61%
391Monferno
61%
501Oshawott
61%
432Purugly
61%
407Roserade
61%
319SharpedoMega
61%
353Shuppet
61%
495Snivy
61%
442Spiritomb
61%
325Spoink
61%
277Swellow
61%
389Torterra
61%
387Turtwig
61%
416Vespiquen
61%
329Vibrava
61%
461Weavile
61%
354BanetteMega
59%
339Barboach
59%
412BurmyPlant
Sandy
Trash
59%
318Carvanha
59%
546Cottonee
59%
488Cresselia
59%
232Donphan
59%
426Drifblim
59%
478Froslass
59%
423GastrodonWest
East
59%
443Gible
59%
362GlalieMega
59%
368Gorebyss
59%
367Huntail
59%
352Kecleon
59%
404Luxio
59%
296Makuhita
59%
310ManectricMega
59%
489Phione
59%
394Prinplup
59%
364Sealeo
59%
372Shelgon
59%
361Snorunt
59%
434Stunky
59%
365Walrein
59%
340Whiscash
59%
360Wynaut
59%
347Anorith
57%
438Bonsly
57%
455Carnivine
57%
366Clamperl
57%
346Cradily
57%
342Crawdaunt
57%
453Croagunk
57%
587Emolga
57%
456Finneon
57%
388Grotle
57%
485Heatran
57%
449HippopotasMale
Female
57%
450HippowdonMale
Female
57%
414Mothim
57%
476Probopass
57%
497Serperior
57%
435Skuntank
57%
459Snover
57%
498Tepig
57%
480Uxie
57%
413WormadamPlant
Sandy
Trash
57%
411Bastiodon
56%
614Beartic
56%
500Emboar
56%
431Glameow
56%
507Herdier
56%
506Lillipup
56%
457Lumineon
56%
481Mesprit
56%
517Munna
56%
409Rampardos
56%
369Relicanth
56%
503SamurottHisuian
56%
422ShellosWest
East
56%
410Shieldon
56%
451Skorupi
56%
532Timburr
56%
454Toxicroak
56%
527Woobat
56%
531AudinoMega
54%
482Azelf
54%
550BasculinRed-Striped
Blue-Striped
White-Striped
54%
421CherrimOvercast
Sunshine
54%
408Cranidos
54%
613Cubchoo
54%
502Dewott
54%
452Drapion
54%
551Sandile
54%
539Sawk
54%
528Swoobat
54%
538Throh
54%
523Zebstrika
54%
571ZoroarkHisuian
54%
570ZoruaHisuian
54%
610Axew
52%
650Chespin
52%
529Drilbur
52%
590Foongus
52%
592FrillishMale
52%
526Gigalith
52%
612Haxorus
52%
504Patrat
52%
499Pignite
52%
512Simisage
52%
514Simisear
52%
700Sylveon
52%
582Vanillite
52%
522Blitzle
51%
652Chesnaught
51%
555DarmanitanStandard
Zen
Galarian
Galarian-Zen


51%
585DeerlingSpring
Summer
Autumn
Winter
51%
633Deino
51%
530Excadrill
51%
597Ferroseed
51%
598Ferrothorn
51%
656Froakie
51%
574Gothita
51%
599Klink
51%
542Leavanny
51%
725Litten
51%
607Litwick
51%
511Pansage
51%
513Pansear
51%
519Pidove
51%
668PyroarMale
Female
51%
643Reshiram
51%
524Roggenrola
51%
537Seismitoad
51%
496Servine
51%
508Stoutland
51%
726Torracat
51%
535Tympole
51%
505Watchog
51%
547Whimsicott
51%
544Whirlipede
51%
562YamaskGalarian
51%
644Zekrom
51%
609Chandelure
49%
534Conkeldurr
49%
554DarumakaGalarian
49%
655Delphox
49%
580Ducklett
49%
611Fraxure
49%
596Galvantula
49%
649GenesectDouse
Shock
Burn
Chill
49%
622Golett
49%
623Golurk
49%
576Gothitelle
49%
658GreninjaAsh
49%
533Gurdurr
49%
635Hydreigon
49%
595Joltik
49%
600Klang
49%
601Klinklang
49%
646KyuremWhite
Black
49%
510Liepard
49%
549LilligantHisuian
49%
667Litleo
49%
619Mienfoo
49%
620Mienshao
49%
518Musharna
49%
536Palpitoad
49%
515Panpour
49%
586SawsbuckSpring
Summer
Autumn
Winter
49%
559Scraggy
49%
516Simipour
49%
577Solosis
49%
581Swanna
49%
602Tynamo
49%
637Volcarona
49%
634Zweilous
49%
594Alomomola
48%
591Amoonguss
48%
625Bisharp
48%
525Boldore
48%
638Cobalion
48%
578Duosion
48%
604Eelektross
48%
653Fennekin
48%
569GarbodorGigantamax
48%
673Gogoat
48%
704Goomy
48%
647KeldeoOrdinary
Resolute
48%
552Krokorok
48%
553Krookodile
48%
608Lampent
48%
645LandorusIncarnate
Therian
48%
792Lunala
48%
572Minccino
48%
714Noibat
48%
728Popplio
48%
509Purrloin
48%
627Rufflet
48%
560Scrafty
48%
540Sewaddle
48%
618StunfiskGalarian
48%
521UnfezantMale
Female
48%
584Vanilluxe
48%
543Venipede
48%
718Zygarde50%
10%
Complete
48%
566Archen
46%
567Archeops
46%
654Braixen
46%
628BraviaryHisuian
46%
659Bunnelby
46%
558Crustle
46%
615Cryogonal
46%
702Dedenne
46%
632Durant
46%
671FlorgesRed
Blue
Orange
White
Yellow
46%
657Frogadier
46%
706GoodraHisuian
46%
575Gothorita
46%
593JellicentMale
Female
46%
588Karrablast
46%
707Klefki
46%
630Mandibuzz
46%
556Maractus
46%
648MeloettaAria
Pirouette
46%
715Noivern
46%
675Pangoro
46%
624Pawniard
46%
579Reuniclus
46%
722Rowlet
46%
791Solgaleo
46%
663Talonflame
46%
641TornadusIncarnate
Therian
46%
520Tranquill
46%
568Trubbish
46%
583Vanillish
46%
640Virizion
46%
629Vullaby
46%
716XerneasActive
Neutral
46%
717Yveltal
46%
713AvaluggHisuian
44%
565Carracosta
44%
739Crabrawler
44%
724DecidueyeHisuian
44%
557Dwebble
44%
603Eelektrik
44%
677Espurr
44%
662Fletchinder
44%
661Fletchling
44%
631Heatmor
44%
727Incineroar
44%
636Larvesta
44%
674Pancham
44%
548Petilil
44%
731Pikipek
44%
651Quilladin
44%
545Scolipede
44%
616Shelmet
44%
561Sigilyph
44%
865Sirfetch'd
44%
541Swadloon
44%
639Terrakion
44%
642ThundurusIncarnate
Therian
44%
772Type: Null
44%
666VivillonMeadow
Polar
Tundra
Continental
Garden
Elegant
Jungle
Modern
Marine
Archipelago
High Plains
Sandstorm
River
Monsoon
Savanna
Sun
Ocean
Fancy
Pokeball
44%
681AegislashShield
Blade
43%
626Bouffalant
43%
692Clauncher
43%
751Dewpider
43%
660Diggersby
43%
621Druddigon
43%
605Elgyem
43%
589Escavalier
43%
669FlabébéRed
Blue
Orange
White
Yellow
43%
676FurfrouNatural
Heart
Star
Diamond
Debutante
Matron
Dandy
La Reine
Kabuki
Pharaoh
43%
701Hawlucha
43%
695Heliolisk
43%
745LycanrocMidday
Midnight
Dusk
43%
687Malamar
43%
778MimikyuDisguised
Busted
Totem
Busted-Totem
43%
730Primarina
43%
744Rockruff
43%
664Scatterbug
43%
672Skiddo
43%
705SliggooHisuian
43%
665Spewpa
43%
733Toucannon
43%
697Tyrantrum
43%
696Tyrunt
43%
738VikavoltTotem
43%
617Accelgor
41%
760Bewear
41%
737Charjabug
41%
573Cinccino
41%
563Cofagrigus
41%
864Cursola
41%
680Doublade
41%
670FloetteRed
Blue
Orange
White
Yellow
Eternal
41%
736Grubbin
41%
720HoopaConfined
Unbound
41%
686Inkay
41%
747Mareanie
41%
808Meltan
41%
862Obstagoon
41%
741OricorioBaile
Pom-Pom
Pa'u
Sensu
41%
758SalazzleTotem
41%
690Skrelp
41%
564Tirtouga
41%
689Barbaracle
39%
815CinderaceGigantamax
39%
693Clawitzer
39%
740Crabominable
39%
742Cutiefly
39%
723Dartrix
39%
719DiancieMega
39%
810Grookey
39%
694Helioptile
39%
678MeowsticMale
Female
39%
866Mr. Rime
39%
750Mudsdale
39%
708Phantump
39%
710PumpkabooAverage
Small
Large
Super
39%
757Salandit
39%
769Sandygast
39%
682Spritzee
39%
709Trevenant
39%
732Trumbeak
39%
746WishiwashiSolo
School
39%
734Yungoos
39%
752AraquanidTotem
38%
606Beheeyem
38%
712Bergmite
38%
688Binacle
38%
779Bruxish
38%
703Carbink
38%
764Comfey
38%
789Cosmog
38%
691Dragalge
38%
711GourgeistAverage
Small
Large
Super
38%
735GumshoosTotem
38%
679Honedge
38%
818InteleonGigantamax
38%
809MelmetalGigantamax
38%
749Mudbray
38%
800NecrozmaDusk-Mane
Dawn-Wings
Ultra
38%
766Passimian
38%
812RillaboomGigantamax
38%
816Sobble
38%
759Stufful
38%
684Swirlix
38%
787Tapu Bulu
38%
788Tapu Fini
38%
786Tapu Lele
38%
777TogedemaruTotem
38%
901UrsalunaBloodmoon
38%
721Volcanion
38%
699Aurorus
36%
729Brionne
36%
794Buzzwole
36%
790Cosmoem
36%
944DudunsparceTwo-Segment
Three-Segment
36%
782Jangmo-o
36%
774MiniorMeteor
Red
Orange
Yellow
Green
Blue
Indigo
Violet
36%
755Morelull
36%
765Oranguru
36%
770Palossand
36%
863Perrserker
36%
895Regidrago
36%
743RibombeeTotem
36%
821Rookidee
36%
773SilvallyNormal
Fighting
Flying
Poison
Ground
Rock
Bug
Ghost
Steel
Fire
Water
Grass
Electric
Psychic
Ice
Dragon
Dark
Fairy

















36%
685Slurpuff
36%
785Tapu Koko
36%
748Toxapex
36%
698Amaura
34%
842AppletunGigantamax
34%
683Aromatisse
34%
761Bounsweet
34%
924Clodsire
34%
780Drampa
34%
945Farigiraf
34%
841FlappleGigantamax
34%
775Komala
34%
754LurantisTotem
34%
802Marshadow
34%
814Raboot
34%
894Regieleki
34%
813Scorbunny
34%
756Shiinotic
34%
762Steenee
34%
763Tsareena
34%
767Wimpod
34%
899Wyrdeer
34%
840Applin
33%
836Boltund
33%
797Celesteela
33%
833Chewtle
33%
823CorviknightGigantamax
33%
822Corvisquire
33%
753Fomantis
33%
783Hakamo-o
33%
856Hatenna
33%
784Kommo-oTotem
33%
904Overqwil
33%
771Pyukumuku
33%
844SandacondaGigantamax
33%
854SinisteaPhony
Antique
33%
819Skwovet
33%
903Sneasler
33%
872Snom
33%
805Stakataka
33%
796Xurkitree
33%
835Yamper
33%
807Zeraora
33%
869AlcremieVanilla-Cream
Ruby-Cream
Matcha-Cream
Mint-Cream
Lemon-Cream
Salted-Cream
Ruby-Swirl
Caramel-Swirl
Rainbow-Swirl
Gigantamax
31%
806Blacephalon
31%
839CoalossalGigantamax
31%
875EiscueNoice
31%
873Frosmoth
31%
861GrimmsnarlGigantamax
31%
799Guzzlord
31%
858HattereneGigantamax
31%
859Impidimp
31%
876IndeedeeMale
Female
31%
798Kartana
31%
900Kleavor
31%
891Kubfu
31%
801MagearnaOriginal
31%
1008Miraidon
31%
877MorpekoHangry
31%
803Poipole
31%
855PolteageistPhony
Antique
31%
912Quaxly
31%
906Sprigatito
31%
848Toxel
31%
892UrshifuSingle-Strike
Rapid-Strike
Gigantamax

31%
964Wiglett
31%
965Wugtrio
31%
889ZamazentaHero
Crowned
31%
936Annihilape
30%
846Arrokuda
30%
902BasculegionMale
Female
30%
824Blipbug
30%
966Bombirdier
30%
898CalyrexIce
Shadow
30%
838Carkol
30%
852Clobbopus
30%
878Cufant
30%
781Dhelmise
30%
982Dondozo
30%
882Dracovish
30%
880Dracozolt
30%
817Drizzile
30%
832Dubwool
30%
884DuraludonGigantamax
30%
890EternatusEternamax
30%
870Falinks
30%
768Golisopod
30%
820Greedent
30%
857Hattrem
30%
992Iron Hands
30%
994Iron Moth
30%
1007Koraidon
30%
915Lechonk
30%
860Morgrem
30%
804Naganadel
30%
827Nickit
30%
795Pheromosa
30%
843Silicobra
30%
850Sizzlipede
30%
828Thievul
30%
849ToxtricityAmped
Low-Key
Gigantamax
30%
831Wooloo
30%
888ZacianHero
Crowned
30%
931Arboliva
28%
1018Archaludon
28%
847Barraskewda
28%
941Bellibolt
28%
950Bramblin
28%
851CentiskorchGigantamax
28%
978Cetoddle
28%
879CopperajahGigantamax
28%
845CramorantGulping
Gorging
28%
971Cyclizar
28%
1011Dipplin
28%
930Dolliv
28%
887Dragapult
28%
834DrednawGigantamax
28%
885Dreepy
28%
905EnamorusIncarnate
Therian
28%
960Espathra
28%
977Flamigo
28%
909Fuecoco
28%
1000Gholdengo
28%
976Houndstone
28%
991Iron Bundle
28%
993Iron Jugulis
28%
990Iron Treads
28%
1006Iron Valiant
28%
980Kingambit
28%
954Klawf
28%
908Meowscarada
28%
933Nacli
28%
793Nihilego
28%
1017OgerponWellspring
Hearthflame
Cornerstone
Teal-Tera
Wellspring-Tera
Hearthflame-Tera
Cornerstone-Tera



28%
826OrbeetleGigantamax
28%
921Pawmi
28%
837Rolycoly
28%
867Runerigus
28%
985Scream Tail
28%
911Skeledirge
28%
929Smoliv
28%
918Spidops
28%
874Stonjourner
28%
925Tandemaus
28%
983TatsugiriCurly
Droopy
Stretchy
28%
811Thwackey
28%
952Toedscool
28%
953Toedscruel
28%
776Turtonator
28%
1001Wo-Chien
28%
893ZarudeDada
28%
883Arctovish
26%
881Arctozolt
26%
951Brambleghast
26%
986Brute Bonnet
26%
955Capsakid
26%
939Ceruledge
26%
979Cetitan
26%
937Charcadet
26%
1004Chi-Yu
26%
825Dottler
26%
886Drakloak
26%
927Fidough
26%
907Floragato
26%
987Flutter Mane
26%
999GimmighoulChest
Roaming
26%
896Glastrier
26%
973Glimmet
26%
974Glimmora
26%
829Gossifleur
26%
853Grapploct
26%
984Great Tusk
26%
1022Iron Boulder
26%
1023Iron Crown
26%
1010Iron Leaves
26%
995Iron Thorns
26%
920Lokix
26%
947Mabosstiff
26%
926MausholdFamily of Three
Family of Four
26%
868Milcery
26%
1015Munkidori
26%
934Naclstack
26%
916OinkologneMale
Female
26%
1014Okidogi
26%
972Orthworm
26%
968PalafinZero
Hero
26%
922Pawmo
26%
923Pawmot
26%
914Quaquaval
26%
989Sandy Shocks
26%
897Spectrier
26%
940Tadbulb
26%
1024TerapagosTerastal
Stellar
26%
963Tinkaton
26%
962Tinkatuff
26%
969Varoom
26%
981Veluza
26%
1009Walking Wake
26%
997Arctibax
25%
938Armarouge
25%
998Baxcalibur
25%
1002Chien-Pao
25%
910Crocalor
25%
830Eldegoss
25%
1016Fezandipiti
25%
959Flittle
25%
935Garganacl
25%
975Greavard
25%
1019Hydrapple
25%
943Kilowattrel
25%
919Nymble
25%
1025Pecharunt
25%
871Pincurchin
25%
913Quaxwell
25%
957Rellor
25%
956Scovillain
25%
948Shroodle
25%
932SquawkabillyGreen
Blue
Yellow
White
25%
917Tarountula
25%
1003Ting-Lu
25%
961Tinkatink
25%
942Wattrel
25%
928Dachsbun
23%
967Finizen
23%
996Frigibax
23%
949Grafaiai
23%
946Maschiff
23%
1012PoltchageistCounterfeit
Artisan
23%
958Rabsca
23%
1021Raging Bolt
23%
970Revavroom
23%
1005Roaring Moon
23%
1013SinistchaCounterfeit
Masterpiece
23%
988Slither Wing
23%
1020Gouging Fire
21%

Score Distribution

Percentile by Number Answered

Percent of People with Each Score

Your Score History

You have not taken this quiz since the last reset